• 首页
  • 本馆介绍
  • 公告通知
  • 最新文献
  • 馆藏检索
  • 电子资源
  • 读者导购
  • 参考咨询
  • 我的图书馆
  • 登录
  • 详细信息显示
  • 放入我的书架
  • 预约/预借图书
  • 作者相关作品
  • 分类相关作品
  • 丛书相关作品
  • 出版社相关作品

书目信息

  • 表格格式
  • 工作单格式
  • 卡片格式
题名:
中学信息技术活动与课程教学论
    
 
作者: 吴丽华 主编
分册:  
出版信息: 长春   吉林大学出版社  2015
页数: 190页
开本: 26cm
丛书名:
单 册:
中图分类: G633.672
科图分类:
主题词: 计算机课--教学法--中学
电子资源:
ISBN: 978-7-5677-3674-0
000 00989nam0 2200229 450
001 012001003946
005 20131027142551.0
010    @a978-7-5677-3674-0@dCNY42.00
100    @a20160406d2015 em y0chiy50 ea
101 0  @achi
102    @aCN@b220000
105    @ay z 000yy
106    @ar
200 1  @a中学信息技术活动与课程教学论@9zhong xue xin xi ji shu huo dong yu ke cheng jiao xue lun@b专著@f吴丽华主编
210    @a长春@c吉林大学出版社@d2015
215    @a190页@d26cm
330    @a本书共分11章,主要阐述了信息技术教学论的概念、研究对象、研究方法、学习方法、信息技术的教学理论、信息技术课程教学知识、信息技术课程教学设计、中学信息技术教师的课堂教学技能、信息技术课程的教学、信息技术教学评价、信息技术教师的专业发展、新课程背景下学科教学与信息技术的整合、信息技术教学研究与论文撰写等。
606 0  @a计算机课@x教学法@x中学
690    @aG633.672@v5
701  0 @a吴丽华@9wu li hua@c(女,@f1968-)@4主编
801  0 @aCN@b江苏凤凰@c20191020
905    @b1227996-9@dG633.672@e756@f4
    
    中学信息技术活动与课程教学论/吴丽华主编.-长春:吉林大学出版社,2015
    190页;26cm
    
    
    ISBN 978-7-5677-3674-0:CNY42.00
    本书共分11章,主要阐述了信息技术教学论的概念、研究对象、研究方法、学习方法、信息技术的教学理论、信息技术课程教学知识、信息技术课程教学设计、中学信息技术教师的课堂教学技能、信息技术课程的教学、信息技术教学评价、信息技术教师的专业发展、新课程背景下学科教学与信息技术的整合、信息技术教学研究与论文撰写等。
●
相关链接 在E读中查询图书 在五车中查询图书 在当当中查询图书 在豆瓣中查询图书


正题名:中学信息技术活动与课程教学论     索取号:G633.672/756         预约/预借

序号 登录号 条形码 馆藏地/架位号 状态 备注
1 1227996   212279960   第一样本阅览室/ [索取号:G633.672/756] 在馆    
2 1227997   212279979   教育系资料室/ [索取号:G633.672/756] 在馆    
3 1227998   212279988   教育系资料室/ [索取号:G633.672/756] 在馆    
4 1227999   212279997   第四借阅区/ [索取号:G633.672/756] 在馆    
唐山师范学院图书馆 欢迎您!
大连网信软件有限公司© 版权所有